পাকিস্তানে বন্দীজজীবন ১৯৭১ / (Record no. 817)
[ view plain ]
| 000 -LEADER | |
|---|---|
| fixed length control field | 00702nam a2200229 a 4500 |
| 001 - CONTROL NUMBER | |
| JCCL Control Number | 817 |
| 003 - CONTROL NUMBER IDENTIFIER | |
| JCCL marc code | BD-JhCC |
| 005 - DATE AND TIME OF LATEST TRANSACTION | |
| control field | 20171010114427.0 |
| 008 - FIXED-LENGTH DATA ELEMENTS--GENERAL INFORMATION | |
| fixed length control field | 171010s2006 bg |||| |||| 00| 0 ben d |
| 020 ## - INTERNATIONAL STANDARD BOOK NUMBER | |
| International Standard Book Number | 9844018986 |
| 035 ## - SYSTEM CONTROL NUMBER | |
| system control number | (BD-JhCC)817 |
| 040 ## - CATALOGING SOURCE | |
| Original cataloging agency | BD-JhCC |
| Modifying agency | BD-JhCC |
| 041 ## - LANGUAGE CODE | |
| Language code of Book | ben |
| 082 ## - DEWEY DECIMAL CLASSIFICATION NUMBER | |
| Classification number | 954.9205 |
| Author mark and Year | KAD 2006 |
| 100 ## - MAIN ENTRY--PERSONAL NAME | |
| Personal name | কাদের, হেলেন |
| 245 ## - TITLE STATEMENT | |
| Title | পাকিস্তানে বন্দীজজীবন ১৯৭১ / |
| Statement of responsibility, etc | হেলেন কাদের |
| 260 ## - PUBLICATION, DISTRIBUTION, ETC. (IMPRINT) | |
| Place of publication, distribution, etc | ঢাকাঃ |
| Name of publisher, distributor, etc | আগামী প্রকাশনী, |
| Date of publication, distribution, etc | 2006 |
| 300 ## - PHYSICAL DESCRIPTION | |
| Pagination | 87 p. : |
| Dimensions | 21 cm. |
| 650 ## - SUBJECT ADDED ENTRY--TOPICAL TERM | |
| Topical term or geographic name as entry element | Liberation war |
| General subdivision | History |
| Geographic subdivision | Bangladesh |
| 942 ## - ADDED ENTRY ELEMENTS (KOHA) | |
| Source of classification or shelving scheme | Dewey Decimal Classification |
| Koha item type | Books |
| Source of classification or shelving scheme | Damaged status | Not for loan | Home library | Current library | Shelving location | Date of accession | Source of acquisition | Cost, normal purchase price | Total Checkouts | Full call number | Barcode | Date last seen | Copy number | Koha item type |
|---|---|---|---|---|---|---|---|---|---|---|---|---|---|---|
| Dewey Decimal Classification | JCC Rouf Library | JCC Rouf Library | General Stacks | 10/10/2017 | Zahedee Foundation | 90.00 | 954.9205 KAD 2006 | 1777 | 10/10/2017 | C-1 | Books |